| 000 | 00431cam a2200181ua 4500 | ||
|---|---|---|---|
| 020 | _c4.00 | ||
| 041 |
_ahin _h |
||
| 082 |
_a891.54 _bRAM/AT |
||
| 100 | _aRamdhari Singh, Dinakar. | ||
| 245 |
_aAtma ki aankhem / _cRamdari Singh Dinakar. _hTextual Documents |
||
| 250 |
_a1 / _b. |
||
| 260 |
_aPatna : _bUdayanchal , _c1964. |
||
| 300 | _a114 ; . | ||
| 365 | _a4.00 | ||
| 504 | _a | ||
| 942 | _cBK | ||
| 999 |
_c8210 _d8210 |
||